| 000 | 00435nam a2200157Ia 4500 | ||
|---|---|---|---|
| 008 | 230718s9999 xx 000 0 und d | ||
| 041 | _aeng | ||
| 082 |
_a658.8'27 _bFRA |
||
| 100 |
_aFranzen G. _9171644 |
||
| 245 | _aScience And Art Of Branding | ||
| 260 |
_c2009 _bSegment Books |
||
| 300 | _a575 | ||
| 365 |
_cRs. _b475.00 |
||
| 700 |
_aFranzen G. & Moriarty S. _9190989 |
||
| 906 |
_dO:0050802-Feb-2010B:242324-Nov-2009 _cGENRL _b95 |
||
| 999 |
_c323552 _d323552 |
||